|
|
|
|
| LEADER |
01024nam a2200241 a 4500 |
| 001 |
16677437 |
| 008 |
091015r19921986ii b 000 0 eng d |
| 020 |
|
|
|a 818509604x
|
| 040 |
|
|
|a AZU
|c AZU
|
| 082 |
0 |
0 |
|a 346.5401/34
|2 19
|
| 100 |
1 |
|
|a Haksar, Nandita,
|d 1954-
|
| 245 |
0 |
0 |
|a Demystification of law for women /
|c Text, Nandita Haksar ;graphics, Anju Singh.
|
| 260 |
|
|
|a Delhi :
|b Lancer Press ;
|a Columbia, Mo. :
|b Distributed by South Asia Books,
|c 1986 [reprinted 1992].
|
| 300 |
|
|
|a 112 p. :
|b ill. ;
|c 22 cm.
|
| 500 |
|
|
|a Distributor from label on back cover.
|
| 504 |
|
|
|a Includes bibliographical references (p. 9-11).
|
| 541 |
1 |
|
|e 00007516
|
| 650 |
|
0 |
|a Women
|x Legal status, laws, etc.
|z India.
|
| 650 |
|
0 |
|a Women
|z India
|x Social conditions.
|
| 700 |
1 |
0 |
|a Singh, Anju.
|
| 852 |
4 |
|
|a Ayesha Abed Library
|j General shelf
|
| 999 |
|
|
|c 4673
|d 4673
|
| 952 |
|
|
|0 0
|1 4
|2 ddc
|4 0
|6 346_540134000000000_HAK
|7 0
|9 4458
|a BRACUL
|b BRACUL
|c GEN
|d 2009-10-18
|g 88.00
|l 0
|o 346.540134 HAK
|p 3010007516
|r 2009-10-18
|t 1
|w 2009-10-18
|y BK
|x Koha Inventory 2020
|